00694nam a2200241 a 4500001001300000003000900013005001700022008004100039020001100080082001700091100002300108245002700131260005200158300000900210500003500219505001300254650001700267700002300284902000800307942000700315952011500322999001500437nice12345678IN_TiNIC20260116011929.0050524s1974 hyda grp 000 0 urd  ac10.500a305.235bFAR aFarooqi, Rafiuddin aSchool Se Rozgaar Tak. aHyderabadbLucky Fine Arts Printing Pressc1974 a224p aincludes index and biblioraphy2 aappendix aMuslim-Youth1 aFarooqi, Rafiuddin bSRS cBK 001040708StackRoom-aHMIbHMId2007-03-20g10.50l0o305.235 FARp09526r2007-03-20v10.50w2005-05-24yBK c4941d4941